000 00333nam a2200133Ia 4500
008 150201s2010 xx 000 0 und d
082 _a617
_bE10G
100 _aGEORGE, SHIBU
245 _aSMART STUDY SERIES - ENT & HEAD & NEAK SURGERY
260 _bELSEVIER
_aDELHI
_c2010
300 _a1-268
650 _aSURGERY
942 _2ddc
_cBK
999 _c1291
_d1291